000 004330000a22001690004500
041 0 _aSPA
082 0 4 _aG 327.16 C5819r
100 1 _aCiudad, Ricardo (1934-)
245 1 0 _aLa resistencia palestina / Ricardo Ciudad
260 _aMadrid, España : Guadarrama
300 _a257 Pag
001 9682
942 _cBK
999 _c39569
_d39569
336 _atexto
_btxt
_2rdacontent
337 _2rdamedia
_asin mediación
_bn
338 _2rdacarrier
_avolumen
_bnc